Libro settimo /

সংরক্ষণ করুন:
গ্রন্থ-পঞ্জীর বিবরন
প্রধান লেখক: Xenophon (লেখক)
অন্যান্য লেখক: Guida, Cesare (ভূমিকা রচয়িতা, ইত্যাদি)
বিন্যাস: গ্রন্থ
ভাষা:ইতালিয়
প্রকাশিত: Milano : C. Signorelli, 1952
ট্যাগগুলো: ট্যাগ যুক্ত করুন
কোনো ট্যাগ নেই, প্রথমজন হিসাবে ট্যাগ করুন!

MARC

LEADER 00000nam a22000007ib4500
001 IT\ICCU\LO1\1028530
003 ItRI
005 20250727115110.0
008 051130s1952 it |||||| ||||| |||||c
040 |b ita  |c ct 
041 7 |a ita  |2 ISO-639-2 
100 0 |a Xenophon  |0 IT\ICCU\CFIV\019634  |4 aut 
245 1 0 |a Libro settimo /  |c Senofonte ; nuova introduzione di Cesare Guida. 
260 |a Milano :  |b C. Signorelli,  |c 1952 
300 |a 68 p. ;  |c 15 cm. 
700 1 |a Guida, Cesare  |0 IT\ICCU\LIAV\042805  |4 aui 
773 0 |w IT\ICCU\LO1\1028498  |t L'educazione di Ciro  |g 7  |a Xenophon  |0 IT\ICCU\CFIV\019634 
942 |2 ddc  |c BK 
952 |0 0  |1 0  |2 ddc  |4 0  |6 B_LCL01SENOFEDS11  |7 0  |9 7464  |a MI  |b MI  |d 2011-01-14  |i 6053  |l 0  |o B-LCL01-SENOF-EDS11  |p CDOM6053  |r 2025-07-13 16:28:40  |w 2025-07-13  |y BK 
981 1 |6 z01  |a i   |b xxxe  
982 1 |6 z01  |a n 
999 |c 6161  |d 6161